Informačné systémy v manažmente marketingu účinok znásobujú prídavné funkcie

Vplyv prídavných funkcií na účinok manažérskych marketingových informačných systémov (MMIS). Funkcie jednotlivých prvkov a prídavných zariadení. Administrátor. Automátor. Funkcia web interface, ktorá umožňuje vstup do databázy prostredníctvom bežného internetového prehliadača. Prípadová štúdia zamer...

Description complète

Enregistré dans:
Détails bibliographiques
Auteur principal: Bartl, Jaroslav
Format: Chapitre de livre
Langue:slovaque
Sujets:
Tags: Ajouter un tag
Pas de tags, Soyez le premier à ajouter un tag!

MARC

LEADER 00000naa a2200000 4500
001 r043816
005 20230927065500.5
041 0 |a slo 
044 |a SK 
245 1 0 |a Informačné systémy v manažmente marketingu  |b účinok znásobujú prídavné funkcie  |c Jaroslav Bartl 
520 |a Vplyv prídavných funkcií na účinok manažérskych marketingových informačných systémov (MMIS). Funkcie jednotlivých prvkov a prídavných zariadení. Administrátor. Automátor. Funkcia web interface, ktorá umožňuje vstup do databázy prostredníctvom bežného internetového prehliadača. Prípadová štúdia zameraná na internacionálne uplatnenie produktov MMIS v marketingu a predaji strojárskeho investičného tovaru. Praktické poznatky z firmy Philips medicínske systémy. 
610 2 0 |a systémy informačné 
610 2 0 |a produkty 
610 2 0 |a MMIS 
610 2 0 |a marketing manažment 
610 2 0 |a programy 
610 2 0 |a komunikácia marketingová 
610 2 0 |a technológie informačné 
610 2 0 |a technológie komunikačné 
610 2 0 |a štúdie prípadové 
610 2 0 |a zariadenia počítača vstupné 
100 1 |a Bartl, Jaroslav